Heavy Lift Launchers - Statistics

General Stats
  • This quiz has been taken 8 times
  • The average score is 9 of 14
Answer Stats
Country Payload to LEO (kg) Status Answer % Correct
USA 118,000 Retired Saturn V
100%
Europe 21,000 Retired Ariane 5
83%
USA 63,800 Operational Falcon Heavy
83%
USSR 90,000 Retired N1
83%
USA 95,000 Testing Space Launch System
83%
USA 150,000 Testing Starship
83%
USA 22,800 Operational Falcon 9
67%
China 25,000 Operational Long March 5
67%
USA 24,400 Retired Space Shuttle
67%
USA 23,040 Retired Delta IV Heavy
50%
USSR 100,000 Retired Energia
50%
Russia 23,000 Operational Proton
50%
USA 34,900 Testing Vulcan
50%
USA 21,900 Retired Titan II-III-IV
17%
No matching quizzes found
Score Distribution
Percent of People with Each Score
Percentile by Number Answered
Your Score History
You have not taken this quiz